00541nam a2200145Ia 450000500170000000800390001702000230005608200170007910000240009624501540012025000120027426000470028630000210033365000410035420260421141425.0260225s9999 xx 000 0 und d a9780198289593qhbk a338.6042 SWA aSwann, G. M. Peter  0aThe Dynamics of Industrial Clustering: International Comparisons in Computing and Biotechnologyc/ G. M. Peter Swann, Martha Prevezer,and David Stout a1st ed. aNew York:bOxford University Press,c2002. avi,347p.c;22cm. aSize of Enterprise: Small Businesses